| 000 | 007030000a22002170004500 | ||
|---|---|---|---|
| 003 | LK-CoMWRAF | ||
| 005 | 20231215113211.0 | ||
| 008 | 230817t1991 ||||| |||| 00| 0 eng d | ||
| 020 | _a9559052039 | ||
| 040 |
_aLK-CoMWRAF _dLK-CoMWRAF _eLK-CoMWRAF |
||
| 041 | _aeng | ||
| 082 |
_a376.9 _bGEN |
||
| 245 |
_a Gender and education in Sri Lanka: _bwomen, schooling, and work |
||
| 260 |
_aColombo: _bCentre for Women's Research (CENWOR), _c1991 |
||
| 300 |
_a130 p.; 26 cm _bBibliography included |
||
| 650 | _aEducational surveys- Sri Lanka | ||
| 650 | _aSex differences in education- Sri Lanka | ||
| 650 | _aWomen Education- Sri Lanka- Statistics | ||
| 700 |
_aJayaweera, Swarna _eed. |
||
| 942 | _cBK | ||
| 999 |
_c1446 _d1446 |
||